000 00971nam a2200277 a 4500
001 000024377
005 20250603102625.0
008 110126s1976 sp ac 000 0 spa d
020 _a8423953130
040 _aDO-SdBNP
_bspa
_cBNPHU
082 _a927.944
_bB515H, 1976
100 1 _aHucher, Yves,
_d1914-
_949987
245 1 0 _aBerlioz /
_cYves Hucher, Jacqueline Morini ; traducción del francés por Felipe Ximénez de Sandoval.
250 _a2a ed.
260 _aMadrid :
_bEspasa-Calpe,
_c1976.
300 _a125 p. :
_bil., retrs. ;
_c18 cm.
490 1 _aClásicos de la música
504 _aBibliografía: p. 127.
600 1 0 _aBERLIOZ, LOUIS HÉCTOR
_d1803-1869
_xCOMPOSITOR
_949988
650 4 _aCompositores franceses
_xBiografías
_949989
650 0 _aMúsicos
_945195
650 4 _aMúsica
_xBiografías
_949990
700 1 _aMorini, Jacqueline.
_949991
700 1 _aXiménez de Sandoval, Felipe,
_etr.
_919335
830 0 _aClásicos de la música
_933880
999 _c23870
_d23870